Đồ án môn học chi tiết máy : Theo chương trình và sách giáo khoa chi tiết máy dùng cho sinh viên các trường Đại học và Cao đẳng kỹ thuật
Nội dung sách giới thiệu một số đề đồ án môn học và một số đồ án chi tiết máy điển hình, giới thiệu một số chương trình tự động hóa tính toán tối ưu, giới thiệu một số bản vẽ điển hình....
محفوظ في:
| المؤلف الرئيسي: | |
|---|---|
| التنسيق: | كتاب |
| اللغة: | Undetermined |
| منشور في: |
Hải Phòng
Nhà xuất bản Hải Phòng
2007
|
| الموضوعات: | |
| الوسوم: |
إضافة وسم
لا توجد وسوم, كن أول من يضع وسما على هذه التسجيلة!
|
| Thư viện lưu trữ: | Trung tâm Học liệu Trường Đại học Cần Thơ |
|---|
| LEADER | 01080nam a2200217Ia 4500 | ||
|---|---|---|---|
| 001 | CTU_128002 | ||
| 008 | 210402s9999 xx 000 0 und d | ||
| 020 | |c 35000 | ||
| 082 | |a 621.82 | ||
| 082 | |b Qu605 | ||
| 100 | |a Ngô, Văn Quyết | ||
| 245 | 0 | |a Đồ án môn học chi tiết máy : | |
| 245 | 0 | |b Theo chương trình và sách giáo khoa chi tiết máy dùng cho sinh viên các trường Đại học và Cao đẳng kỹ thuật | |
| 245 | 0 | |c Ngô Văn Quyết | |
| 260 | |a Hải Phòng | ||
| 260 | |b Nhà xuất bản Hải Phòng | ||
| 260 | |c 2007 | ||
| 520 | |a Nội dung sách giới thiệu một số đề đồ án môn học và một số đồ án chi tiết máy điển hình, giới thiệu một số chương trình tự động hóa tính toán tối ưu, giới thiệu một số bản vẽ điển hình. | ||
| 650 | |a Machine parts,Chi tiết máy | ||
| 904 | |i Tuyến | ||
| 980 | |a Trung tâm Học liệu Trường Đại học Cần Thơ | ||